00566nam a2200205Ia 450000500170000000800410001702000130005804000190007104100120009008200160010224500730011826000280019130000110021944000200023050400190025065000310026965100220030070000280032285000100035020230222100551.0131103s9999 xx 000 0 und d a33212355 aLoreto College aEnglish a821.04bHIL 4aThe Romantic imaginationb a case book cEdited by John Spencer Hill aLondonbMacmillanc1993 a241p.  aCasebook series aIncludes index aEnglish poetry - Criticism aEnglish lterature aHill, John Spencer; ed. aLCLIB